Największe jeziora w Stanach Zjednoczonych na mapie - Statystyki

Ogólne statystyki
  • Ten quiz został rozwiązany 7 razy
  • Średni wynik to 3 z 32
Odpowiedzi na mapie
Odpowiedzi zakodowano w zielono-czerwonej skali na mapie do tego quizu, zgodnie z poniższymi procentami.
 
Statystyki odpowiedzi
Area Lake % Poprawnych
31,700 Lake Superior
100%
9,910 Lake Erie
40%
23,000 Lake Huron
40%
7,340 Lake Ontario
40%
2,117 Great Salt Lake
20%
22,300 Lake Michigan
20%
662 Lake Okeechobee
20%
191 Lake Tahoe
20%
347 Salton Sea
20%
453 Becharof Lake
0%
300 Devil's Lake
0%
192 Flathead Lake
0%
393 Fort Peck Lake
0%
1,014 Iliamna Lake
0%
250 Kentucky Lake
0%
490 Lake Champlain
0%
247 Lake Mead
0%
685 Lake Oahe
0%
1,679 Lake of the Woods
0%
631 Lake Pontchartrain
0%
251 Lake Powell
0%
440 Lake Saint Clair
0%
520 Lake Sakakawea
0%
215 Lake Winnebago
0%
207 Mille Lacs Lake
0%
242 Naknek Lake
0%
183 Pyramid Lake
0%
345 Rainy Lake
0%
427 Red Lake
0%
404 Selawik Lake
0%
320 Teshekpuk Lake
0%
284 Toledo Bend Reservoir
0%
Nie znaleziono quizów pasujących do podanych kryteriów
Rozkład punktacji
Procent ludzi z każdym wynikiem
Percentyl według liczby udzielonych odpowiedzi
Twoja historia wyników
Nie rozwiązałeś tego quizu